Univerzity a výdavkové politiky podpory výskumu a vývoja zo zdrojov Európskej únie: Prípadová štúdia regiónov Slovenska
Analýza rozsahu investícií nositeľov inovácií do výskumu a vývoja v regiónoch Slovenska v porovnaní s EÚ, ako aj samotného vplyvu výdavkových politík podpory zo štrukturálnych fondov EÚ v tejto oblasti. Interakcia a väzba v inováciách prebieha uprostred inovačných systémov, ktoré tvoria jednotliví j...
Saved in:
| Main Author: | |
|---|---|
| Format: | Book Chapter |
| Language: | Slovak |
| Subjects: | |
| Tags: |
No Tags, Be the first to tag this record!
|
MARC
| LEADER | 00000nla a2200000 4500 | ||
|---|---|---|---|
| 001 | 0246760 | ||
| 005 | 20240417075142.6 | ||
| 041 | 0 | |a slo | |
| 044 | |a CZ | ||
| 245 | 1 | 0 | |a Univerzity a výdavkové politiky podpory výskumu a vývoja zo zdrojov Európskej únie: Prípadová štúdia regiónov Slovenska |c Peter Pisár |
| 520 | |a Analýza rozsahu investícií nositeľov inovácií do výskumu a vývoja v regiónoch Slovenska v porovnaní s EÚ, ako aj samotného vplyvu výdavkových politík podpory zo štrukturálnych fondov EÚ v tejto oblasti. Interakcia a väzba v inováciách prebieha uprostred inovačných systémov, ktoré tvoria jednotliví jeho nositelia v krajine. | ||
| 610 | 2 | 0 | |a politika regionálna |
| 610 | 2 | 0 | |a stratégia inovačná |
| 610 | 2 | 0 | |a Slovensko |
| 610 | 2 | 0 | |a výskum |
| 610 | 2 | 0 | |a vývoj |
| 610 | 2 | 0 | |a univerzity |
| 610 | 2 | 0 | |a politika verejná |
| 610 | 2 | 0 | |a fondy Európskej únie |
| 610 | 2 | 0 | |a výdavky na vedu a výskum |
| 610 | 2 | 0 | |a programy operačné |
| 100 | 1 | |a Pisár, Peter | |